The Old Testament prophets. (Record no. 4136)

MARC details
000 -LEADER
fixed length control field 00900cam a22002771 4500
001 - CONTROL NUMBER
control field 8418235
003 - CONTROL NUMBER IDENTIFIER
control field GBCCL
005 - DATE AND TIME OF LATEST TRANSACTION
control field 20241126110511.0
008 - FIXED-LENGTH DATA ELEMENTS--GENERAL INFORMATION
fixed length control field 720804s1958 xx 000 0 eng
010 ## -
-- 59004547
035 ## - SYSTEM CONTROL NUMBER
System control number (OCoLC)373915
040 ## - CATALOGING SOURCE
Original cataloging agency DLC
Transcribing agency ONowdM
Modifying agency CSuvM
-- DLC
042 ## -
-- premarc
050 00 -
-- BS1198
-- .H4 1958
082 ## - DEWEY DECIMAL CLASSIFICATION NUMBER
Classification number 224.06
Item number HEA
100 1# - MAIN ENTRY--PERSONAL NAME
Personal name Heaton, E. W.
Fuller form of name (Eric William),
Dates associated with a name 1920-1996.
9 (RLIN) 7897
245 14 - TITLE STATEMENT
Title The Old Testament prophets.
260 ## - PUBLICATION, DISTRIBUTION, ETC.
Place of publication, distribution, etc. [Harmondsworth, Middlesex]
Name of publisher, distributor, etc. Penguin Books
Date of publication, distribution, etc. [1958]
300 ## - PHYSICAL DESCRIPTION
Extent 186 p.
Dimensions 18 cm.
490 0# - SERIES STATEMENT
Series statement A Pelican book,
Volume/sequential designation A414
500 ## - GENERAL NOTE
General note "Completely revised and largely rewritten edition of the [author's] His servants the Prophets, published...in 1949."
630 00 - SUBJECT ADDED ENTRY--UNIFORM TITLE
Uniform title Bible.
Name of part/section of a work Prophets
General subdivision Theology.
9 (RLIN) 7898
650 #0 - SUBJECT ADDED ENTRY--TOPICAL TERM
Topical term or geographic name entry element Prophets.
9 (RLIN) 1241
906 ## - LOCAL DATA ELEMENT F, LDF (RLIN)
a 7
b cbc
c oclcrpl
d u
e ncip
f 19
g y-gencatlg
942 ## - ADDED ENTRY ELEMENTS (KOHA)
Source of classification or shelving scheme Dewey Decimal Classification
Koha item type Books
Koha issues (borrowed), all copies 5
Holdings
Withdrawn status Lost status Source of classification or shelving scheme Damaged status Not for loan Home library Current Library Shelving location Date acquired Total checkouts Full call number Barcode Date last seen Date last checked out Copy number Price effective from Koha item type
    Dewey Decimal Classification     GRACE BIBLE COLLEGE GRACE BIBLE COLLEGE Biblical Studies 2018-01-15 5 224.06 HEA 004604 2025-05-01 2020-03-05 c.1 2018-01-15 Books
© Grace Bible College Library 2025